000
00256nam a2200109Ia 4500
008
200302s9999 xx 000 0 und d
100
_a
Heta Pandit
245
_a
A Heritage guide to Kerala
260
_b
God's own Country
260
_c
2001
300
_a
310 P.,
999
_c
4101
_d
4101